| 000 | 01209nam a2200229 a 4500 | ||
|---|---|---|---|
| 001 | SSB015700 | ||
| 003 | PILC | ||
| 005 | 20150529160104.0 | ||
| 008 | |||
| 020 | _a9780205197217 | ||
| 020 | _a0205197213 | ||
| 050 |
_aBF 76.5 _b.L438 2012 |
||
| 100 | _aLeary, Mark R. | ||
| 245 | 0 |
_aIntroduction to behavioral research methods / _cMark R. Leary. |
|
| 250 | _a6th ed. | ||
| 260 |
_aBoston : _c2012. _bPearson, |
||
| 300 |
_axvii, 427 pages : _billustrations ; _c26 cm. |
||
| 500 | _aIncludes bibliographical references and index. | ||
| 505 |
_tResearch in the Behavioral Sciences -- _tBehavioral Variability and Research -- _tThe Measurement of Behavior -- _tApproaches to Psychological Measurement -- _tSelecting Research Participants -- _tDescriptive Research -- _tCorrelational Research -- _tAdvanced Correlational Strategies -- _tBasic Issues in Experimental Research -- _tExperimental Design -- _tAnalyzing Experimental Data -- _tAnalyzing Complex Experimental Designs -- _t Quasi-Experimental Designs -- _tSingle-Case Research -- _tEthical Issues in Behavioral Research -- _tScientific Writing. |
||
| 650 |
_aPsychology _xResearch _xMethodology. |
||
| 942 |
_2lcc _cBK _kFOR |
||
| 999 |
_c284517 _d284517 |
||